ბათუმის შოთა რუსთაველის სახელმწიფო უნივერსიტეტის ბიბლიოთეკა

არაგვიანი (ბიბ.ჩანაწერი № 49146)

000 -LEADER
fixed length control field 00621nam a2200217Ia 4500
001 - CONTROL NUMBER
control field 16056
003 - CONTROL NUMBER IDENTIFIER
control field GE_BSU
008 - FIXED-LENGTH DATA ELEMENTS--GENERAL INFORMATION
fixed length control field 181216s||||||||xx |||||||||||||| ||und||
040 ## - CATALOGING SOURCE
Transcribing agency GE_BSU
080 ## - UNIVERSAL DECIMAL CLASSIFICATION NUMBER
Universal Decimal Classification number 821.353.1-1
100 ## - MAIN ENTRY--PERSONAL NAME
Personal name ჯაბუშანური, გაბრიელ
245 ## - TITLE STATEMENT
Title არაგვიანი
245 ## - TITLE STATEMENT
Remainder of title ლექსები
245 ## - TITLE STATEMENT
Statement of responsibility, etc. რედ.ე.ასტვაცატუროვი
260 ## - PUBLICATION, DISTRIBUTION, ETC.
Place of publication, distribution, etc. თბილისი
260 ## - PUBLICATION, DISTRIBUTION, ETC.
Name of publisher, distributor, etc. ფედერაცია
260 ## - PUBLICATION, DISTRIBUTION, ETC.
Date of publication, distribution, etc. 1940
300 ## - PHYSICAL DESCRIPTION
Extent 98გვ. ; 16სმ
653 ## - INDEX TERM--UNCONTROLLED
Uncontrolled term არაგვიანი
942 ## - ADDED ENTRY ELEMENTS (KOHA)
Koha item type წიგნი
ეგზემპლარები
Withdrawn status Lost status Damaged status Not for loan Date acquired Barcode Date last seen Price effective from Koha item type
        2018-12-17 39741 2018-12-17 2018-12-17 წიგნი
        2018-12-17 39742 2018-12-17 2018-12-17 წიგნი
        2018-12-17 39743 2018-12-17 2018-12-17 წიგნი
        2018-12-17 39744 2018-12-17 2018-12-17 წიგნი
        2018-12-17 39745 2018-12-17 2018-12-17 წიგნი
        2018-12-17 39746 2018-12-17 2018-12-17 წიგნი
        2018-12-17 39747 2018-12-17 2018-12-17 წიგნი
        2018-12-17 39748 2018-12-17 2018-12-17 წიგნი